Conference, convention and exhibition facilities : a handbook of planning, design and management

Bibliographic Details
Main Author: Lawson, Fred
Format: Book
Language:English
Published: London : The Architectural press , 1981
Subjects:

MARC

LEADER 00000cam a2200000 7i4500
001 0000003725
005 20230720.0
008 991206 enk eng
020 |a 085139101x (hbk) 
040 |a INS 
090 0 0 |a NA6880   |b .L38 1981 
100 1 |a Lawson, Fred 
245 1 0 |a Conference, convention and exhibition facilities :   |b a handbook of planning, design and management   |c Fred Lawson 
260 |a London :   |b The Architectural press ,   |c 1981 
300 |a xi, 268 p. :   |b ill. ;   |c 30 cm. 
500 |a Includes index 
650 0 |a Architecture   |x Design and plans 
999 |a 0000001689   |b BOOK   |c Open Shelf   |e Default branch